| 000 | 00502nam a2200181Ia 4500 | ||
|---|---|---|---|
| 005 | 20250508162015.0 | ||
| 008 | 008 250505s9999 xx 000 0 eng d | ||
| 037 | _aTextual | ||
| 040 |
_aFEDL _beng _cFEDL |
||
| 041 |
_aeng _2eng |
||
| 084 |
_a401, DIV _qFEDL |
||
| 100 | _aDivatia S H | ||
| 245 | 0 | _aLinguistic philosophy and other essays | |
| 260 |
_aBaroda, India _bGood Companions Publishers I _c1975 |
||
| 300 | _a132p. | ||
| 942 |
_cTEXL _h401, DIV |
||
| 999 |
_c1373794 _d1373794 |
||